000 00252nam a2200109Ia 4500
008 220204s9999 xx 000 0 und d
082 _a658.3
_bFOX
100 _aFox, Alan
245 0 _aMan management
260 _aLondon
_bHutchinson
_c1974
942 _cBK
999 _c28547
_d28547